日本資本の海外進出
Saved in:
| Main Author: | |
|---|---|
| Format: | Book |
| Language: | Undetermined |
| Published: |
東京
合同出版
1968
|
| Tags: |
Add Tag
No Tags, Be the first to tag this record!
|
| Institutions: | Trung tâm Học liệu Trường Đại học Cần Thơ |
|---|
| LEADER | 00478nam a2200169Ia 4500 | ||
|---|---|---|---|
| 001 | CTU_77865 | ||
| 008 | 210402s9999 xx 000 0 und d | ||
| 082 | |a 382.0952 | ||
| 082 | |b I.24 | ||
| 100 | |a S・K・イグナトゥシェンコ | ||
| 245 | 0 | |a 日本資本の海外進出 | |
| 245 | 0 | |c S・K・イグナトゥシェンコ | |
| 260 | |a 東京 | ||
| 260 | |b 合同出版 | ||
| 260 | |c 1968 | ||
| 904 | |i Ngoc | ||
| 980 | |a Trung tâm Học liệu Trường Đại học Cần Thơ | ||